Danganronpa: Trigger Happy Havoc Trivia - Statistics

General Stats
  • This quiz has been taken 2,442 times
  • The average score is 23 of 28
Answer Stats
Hint Answer % Correct
Lucky Student Makoto Naegi
98%
Swimming Pro Aoi Asahina
94%
Programmer Chihiro Fujisaki
94%
Fashionista Junko Enoshima
94%
Detective Kyoko Kirigiri
94%
Baseball Star Leon Kuwata
94%
Biker Gang Leader Mondo Owada
94%
Gambler Celestia Ludenberg
93%
Affluent Progeny Byakuya Togami
92%
Martial Artist Sakura Ogami
92%
Fanfic Creator Hifumi Yamada
91%
Pop Sensation Sayaka Maizono
91%
Writing Prodigy Toko Fukawa
91%
Soldier Mukuro Ikusaba
87%
Moral Compass Kiyotaka Ishimaru
84%
Headmaster Monokuma
84%
Name of the school Hope's Peak Academy
83%
Number of survivors 6
81%
Clairvoyant Yasuhiro Hagakure
81%
Country the game is set in Japan
80%
Number of floors in the school 5
79%
Number of Class Trials 6
79%
Cause of Martial Artist's death Poison
79%
Location of Programmer's corpse Girls' Locker Room
60%
Subject of the fourth Class Trial's execution Alter Ego
56%
Name of mastermind's terrorist organization Ultimate Despair
49%
Name of Soldier's mercenary group Fenrir
38%
Rhythm Class Trial Minigame Bullet Time Battle
22%
No matching quizzes found
Score Distribution
Percent of People with Each Score
Percentile by Number Answered
Your Score History
You have not taken this quiz